000 00299nam a22001337a 4500
008 171102b xxu||||| |||| 00| 0 eng d
020 _a9780619019297
041 _aeng
080 _a33
100 _a59
101 _aBUS
245 _aNEW PERSPECTIVES ON E-COMMERCE
_cPERRY. J.T
942 _2udc
_cBK
999 _c37233
_d37233